[Event "Reykjavik zt 1.3"]
[Site "Reykjavik"]
[Date "2000.09.08"]
[Round "2.1"]
[White "Agrest, Evgenij"]
[Black "Salmensuu, Olli"]
[Result "1-0"]
[WhiteElo "2554"]
[BlackElo "2458"]
[Annotator "Ribli,Z"]
[PlyCount "77"]
[EventDate "2000.09.05"]
[EventType "k.o."]
[EventRounds "3"]
[EventCountry "ISL"]
[SourceTitle "CBM 079"]
[Source "ChessBase"]
[SourceDate "2000.11.21"]
[SourceVersion "1"]
[SourceVersionDate "2000.11.21"]
[SourceQuality "1"]

1. Nf3 c5 2. c4 g6 3. d4 Bg7 4. e4 d6 5. Nc3 Nc6 {Hier, oder im nächsten Zug
muss Schwarz - meiner Meinung nach - cxd4 spielen.} 6. Be3 (6. d5 Nd4 7. Nxd4
cxd4 8. Nb5 Qb6 9. c5 $36) (6. dxc5 dxc5 7. Qxd8+ Kxd8 8. Be3 $14) 6... Qa5 (
6... Bg4 7. dxc5 dxc5 8. Qxd8+ Rxd8 9. Bxc5 Bxc3+ 10. bxc3 Nf6 11. Nd4 Nxe4 12.
Nxc6 bxc6 13. Bxa7 Nxc3 (13... Bf5 14. f3 Nd6 15. a4 Ra8 16. Bb6 O-O 17. c5 Nc8
18. g4 Be6 19. a5 Nxb6 20. cxb6 Rfb8 21. Bd3 Rxb6 22. axb6 Rxa1+ 23. Kd2 Ra2+
24. Ke3 {1-0 Smyslov,V-Botvinnik,M/Moscow 1957/MainBase (43)}) 14. a4 (14. Bb6
Rd6 15. f3 Bc8 $2 16. a4 Bf5 17. g4 Bc2 18. Bc7 Rd1+ 19. Rxd1 Nxd1 20. Be2 {
1-0 Keene,R-Fuller,M/Nice 1974/EXT 2000/[Keene] (36)}) 14... O-O 15. f3 Bf5 16.
a5 e5 17. Bb6 Rd7 18. g4 Bb1 19. Ra3 Rd1+ 20. Kf2 Rc1 21. a6 e4 22. a7 Ra8 23.
Bd4 Nd1+ 24. Kg3 c5 25. Rb3 cxd4 26. Rb8+ Kg7 27. Rxa8 exf3 28. Rg8+ Kxg8 29.
a8=Q+ Kg7 30. Qd5 f2 31. Qxd4+ Kg8 32. Kf4 f6 33. Qxf6 Nc3 34. Qd8+ Kf7 35.
Qd7+ Kf8 36. Qd2 g5+ 37. Ke3 Rc2 38. Qd8+ Kf7 39. Bd3 Ra2 {1-0 Aronian,
L-Georgiev,V/Batumi GEO 1999 (39)}) (6... cxd4 7. Nxd4 Nf6 8. Be2 {Durch
Zugumstellung haben wir eine bekannte theoretische Stellung der Sizilianischen
Verteidigung, Maroczy-Variante, erreicht.}) 7. d5 Ne5 (7... Bxc3+ 8. bxc3 Ne5
9. Qb3 Nxf3+ 10. gxf3 Bd7 11. Bd3 Rb8 12. f4 Nf6 13. f3 O-O 14. Kf2 b5 15. Rhb1
bxc4 16. Qxb8 Rxb8 17. Rxb8+ Kg7 18. Bxc4 Qxc3 19. Rc1 {1-0 Karaklajic,
N-Fuller,M/London 1976/Inf 22 (34)}) 8. Nxe5 Bxe5 9. Bd2 {Schwarz hat auf den
ersten Blick einen starken Läufer auf der großen schwarzen Diagonale, in
Wirklichkeit aber steht der Läufer auf e5 unsicher.} (9. Qd2 Nf6 10. f3 a6 11.
Bd3 Nd7 12. O-O b5 13. cxb5 O-O 14. a4 axb5 15. Bxb5 Nb6 16. Rfc1 Ba6 17. Bxa6
Qxa6 {1/2-1/2 Schmidt,W-Ermenkov,E/Polanica Zdroj 1973/MCD (48)}) 9... Bg7 (
9... a6 10. Bd3 Qc7 11. f4 Bd4 12. Qc2 Nh6 13. h3 f5 14. Ne2 Bg7 15. exf5 Nxf5
16. g4 Nd4 17. Nxd4 cxd4 18. f5 {1-0 Kortschnoj,V-Bilek,I/Budapest 1961/EXT 98
(42)}) (9... Nf6 10. f4 Bd4 11. Nb5 $16 {[%csl Rd4]}) 10. Bd3 Nf6 11. O-O O-O
12. f4 $14 {Weiß hat Raumvorteil und ein strarkes Bauernzentrum, die schwarze
Dame steht unsicher auf a5.} Nd7 (12... Ng4 {[%cal Rg7d4,Rd4g1]} 13. Kh1 $1 $14
{[%csl Rg4]} (13. Nb5 $6 Qb6 14. h3 a6 $36)) 13. Kh1 a6 14. Qe1 {[%csl Ge1]
Die Dame unterstützt den möglichen Durchbruch mit e4-e5 und kann in der Folge
nach g3 oder h4 ziehen.} Rb8 15. a4 {Weiß hat großen Raumvorteil, während
Schwarz sich um seine Figuren am Damenflügel sorgen muss. Mit dem Textzug
verhindert Weiß für lange Zeit den Vorstoß b7-b5.} (15. Qg3 b5 $132) 15... Qd8
16. Rd1 (16. Qg3 $14 {[%cal Ga1e1]}) 16... b6 17. Be3 e6 $2 {[%mdl 16384] Nach
16.Rd1 ist dieser Zug nicht so logisch, denn es verschafft Weiß gutes Spiel
auf der d-Linie.} (17... Nf6 $5 $14 {[%cal Gf6e8,Ge8c7,Gc8d7,Gb6b5] Auf diese
Weise kann Schwarz das Manöver Ne8-c7 und nach Bd7 den Zug b6-b5 vorbereiten.})
18. dxe6 fxe6 19. Be2 {[%csl Rd6][%cal Gd1d8]} e5 (19... Qc7 20. Qd2 $16) (
19... Qe7 20. Qd2 $16) 20. f5 {Dieser Zug ist auch nicht schlecht, aber das
Schlagen des Bauern wäre einfacher.} (20. Rxd6 $5 Qe7 (20... exf4 21. Bxf4 (21.
Rxf4 $16) 21... Rxf4 22. Rxf4 Be5 23. Qd2 $16) 21. Qd2 $16) 20... gxf5 21. exf5
$16 {[%csl Gd5,Ge4,Rg7] Wir haben eine für die Königsindische Verteidigung
typische Stellung vor uns Der Bg7 steht passiv und Weiß hat die Vorherrschaft
über die Felder d5 und e4.} Nf6 22. Qd2 Ne8 23. Bg5 (23. Bd3 $16) 23... Qd7 24.
Bh5 (24. Nd5 $1 $16) 24... Rxf5 25. Nd5 $44 {[%csl Gd5] Weiß besitzt
ausgezeichnete Kompensation für den Bauern - ich möchte anmerken, dass der Bc8
nach 25 Zügen noch in seiner Grundstellung steht.} Rxf1+ 26. Rxf1 Bb7 (26...
Qxa4 27. Ne7+ Kh8 28. Qd5 $18 {[%cal Rd5g8,Rg8h8]}) 27. Nxb6 Qc6 {[%csl Rg2]
[%cal Rb7h1]} (27... Qh3 28. Bf3 Bxf3 29. Rxf3 $16) 28. Nd5 $6 (28. a5 $16 {
[%csl Gb6]}) 28... Qxa4 29. Ne7+ Kh8 30. Qe2 {Die weiße Dame strebt an den
Königsflügel - Weiß hat gutes Figurenspiel und positionellen Druck am
Königsflügel.} Ba8 $2 (30... Nc7 $1 $13 {[%cal Gc7e6,Ge6d4,Ge6f4]} 31. Ng6+ (
31. Bf7 Rf8 $13) 31... Kg8 (31... hxg6 32. Bxg6 $18) 32. Ne7+ Kh8 $11) 31. Bf7
$16 {[%cal Re2h5]} Qd7 32. Qh5 {[%mdl 128] Droht Matt mit 33.Ng6.} Be4 33. Bg6
Bxg6 34. Nxg6+ {Jeder Zug von Weiß kommt mit Tempo.} Kg8 35. Ne7+ Kh8 36. Qf7
$18 {Droht Matt auf g8 - Schwarz muss mindestens eine Figur geben.} Nf6 (36...
Nc7 37. Ng6+ $18 {[%cal Rf7d7,Rg6h8]}) 37. Bxf6 Qg4 38. h3 Qg3 39. Nf5 {
[%cal Rf5g3,Rf5g7]} 1-0

[Event "OHRA-A"]
[Site "Amsterdam"]
[Date "1990.??.??"]
[Round "5"]
[White "Portisch, Lajos"]
[Black "Azmaiparashvili, Zurab"]
[Result "1-0"]
[WhiteElo "2590"]
[BlackElo "2575"]
[Annotator "Ribli,Z"]
[PlyCount "97"]
[EventDate "1990.07.??"]
[EventType "tourn"]
[EventRounds "10"]
[EventCountry "NED"]
[EventCategory "14"]
[SourceTitle "CBM 020"]
[Source "ChessBase"]
[SourceDate "1991.02.01"]
[SourceVersion "1"]
[SourceVersionDate "1991.02.01"]
[SourceQuality "1"]

1. d4 d6 2. c4 e5 3. Nf3 exd4 4. Nxd4 g6 5. Nc3 Bg7 6. e4 Ne7 (6... Nc6 7. Be3
Nge7 8. h4 $1 {Boensch,U-Azmayparashvili,Z Dortmund-A 1990 CBM/18}) 7. Bg5 $5
O-O 8. Be2 Nbc6 9. Nxc6 bxc6 10. Qd2 Be6 11. O-O Rb8 12. Rad1 c5 13. f4 f6 14.
Bh4 Qd7 15. Bf2 Qc8 16. b3 Rd8 17. Bh4 Re8 18. Bf3 Rb4 19. Rfe1 a5 20. Rc1 Qd7
21. Red1 Nc8 22. Nd5 Bxd5 23. Qxd5+ Qf7 24. e5 $1 fxe5 25. Qxf7+ Kxf7 26. Bd5+
Kf8 27. fxe5 Bxe5 28. Rf1+ Kg7 29. Rf7+ Kh6 30. Be1 $1 Ne7 31. Bd2+ g5 32. Be4
Ng6 33. Re1 Re7 34. Rxe7 Nxe7 35. Bxb4 axb4 36. Rf1 Bd4+ 37. Kh1 Ng8 38. Rf7
Nf6 39. Bf5 g4 40. Rxc7 Kg5 41. Bxh7 g3 42. hxg3 d5 43. cxd5 Nxd5 44. Rc6 Nf6
45. Bc2 Ng4 46. Rg6+ Kh5 47. Bf5 Ne3 48. Rg8 $1 Be5 49. Bd3 1-0

[Event "ISR-ch"]
[Site "Ramat Aviv"]
[Date "1998.11.08"]
[Round "1.1"]
[White "Soffer, Ram"]
[Black "Godes, Dmitry R"]
[Result "1-0"]
[WhiteElo "2520"]
[BlackElo "2355"]
[Annotator "Ribli,Z"]
[PlyCount "103"]
[EventDate "1998.11.08"]
[EventType "k.o."]
[EventRounds "5"]
[EventCountry "ISR"]
[SourceTitle "CBM 068"]
[Source "ChessBase"]
[SourceDate "1999.02.01"]
[SourceVersion "1"]
[SourceVersionDate "1999.02.01"]
[SourceQuality "1"]

1. d4 g6 2. c4 Bg7 3. e4 d6 4. Nc3 Nc6 {Die beste Möglichkeit für Schwarz in
dieser Stellung ist meines Erachtens, mit 4...Nf6 zur Königsindischen
Verteidigung überzugehen. Ribli.} 5. Be3 (5. d5) 5... e5 6. d5 Nce7 (6... Nd4
7. Nge2 Nxe2 8. Bxe2 $14 {Und Weiß hat eine sehr vorteilhafte königsindische
Stellung. Der g7-Läufer ist eingeschlossen und er kann mit schnellem c4-c5 die
c-Linie öffnen.}) 7. c5 {Die Hauptalternative wäre jetzt 7.g4, aber mit dem
Textzug beginnt Weiß sofortige Aktionen.} f5 8. Bb5+ Kf8 9. f3 {[#]Weiß
verstärkt seine Bauernkette, um nach eventuellen ..fxe4 mit dem Bauern
wiederzunehmen.} (9. f4 $5 $13 {Dieser Zug führt zu sehr unklaren
Verwicklungen. Weiß möchte die Stellung sofort gegen die geschwächte schwarze
Königsstellung öffnen.}) 9... Bh6 {Das ist ein typisches Motiv. Schwarz möchte
den schwarzfeldrigen Läufer tauschen und er muß dazu ...Bh6 sofort spielen,
sonst kommt Weiß mit 10.Qd2 in Vorteil.} (9... Nf6 10. Nge2 f4 11. Bf2 g5 12.
Qb3 (12. Qd2 Ng6 13. O-O-O h5 14. Kb1 Kg8 15. cxd6 cxd6 16. Rc1 Bf8 17. g3 Rh7
18. gxf4 gxf4 19. h4 Rg7 20. Ng1 Nh7 21. Bf1 Be7 22. Nb5 Bxh4 23. Bxh4 Nxh4 24.
Qh2 Ng6 25. Qxh5 {1/2-1/2 Vlam,H-Davies,N/Wijk aan Zee 1982/MCD (35)}) 12... h5
13. O-O-O Bh6 14. Kb1 Ng6 15. Bd3 g4 16. cxd6 cxd6 17. Nb5 a6 18. Na7 Rh7 19.
Bb6 Qd7 20. Rc1 gxf3 21. gxf3 Qh3 22. Ng1 Qd7 23. Bf1 Ne7 24. Qa3 {1-0
Greenfeld,A-Adzic,S/Korinthos 1998/EXT 99 (41)}) 10. Bxh6+ (10. Qd2 Kg7 11.
O-O-O (11. cxd6 cxd6 12. Nge2 a6 13. Bd3 Bxe3 14. Qxe3 Nf6 15. h3 f4 16. Qf2 g5
17. a3 Ng6 18. Kd2 h5 19. g3 fxg3 20. Qxg3 Nh7 21. Rag1 Rf8 22. h4 {1-0 Henley,
R-Suttles,D/Surakarta 1982/MCD (76)}) 11... Bxe3 12. Qxe3 Nf6 13. Nge2 f4 14.
Qf2 g5 15. g3 Ng6 16. h4 fxg3 17. Qxg3 gxh4 18. Rxh4 Nxd5 19. Rg1 Nxc3 20. Nxc3
Rg8 21. Bc4 Kh8 22. Qh2 Qe7 23. Rh6 {1-0 Lukacs,P-Birmingham,E/Budapest 1987/
EXT 97 (23)}) (10. Bf2 Nf6 $13 {Und Schwarz plant 11...fxe4 12.fxe4 Ng4.})
10... Nxh6 11. Qd2 Kg7 12. f4 $146 {[%csl Rg7] [#]Weiß wartet nicht, er
beginnt sofortige Aktionen gegen den schwarzen König.} (12. cxd6 cxd6 13. O-O-O
fxe4 14. fxe4 a6 15. Bd3 b5 16. h3 Nf7 17. Nf3 Rf8 18. Kb1 Ng8 19. Ne2 Qb6 20.
g4 h6 21. Ng3 {0-1 Gretarsson,H-Karlsson,A/ISL-ch 1995/CBM 51 ext (46)}) 12...
fxe4 $5 (12... Nf7 13. Nf3 $14) (12... exf4 13. Qd4+ Kg8 (13... Kf7 14. cxd6
cxd6 15. Nf3 $14 {[%csl Rf7]}) 14. cxd6 cxd6 (14... Qxd6 15. e5 Qb6 16. Qxf4
$14) 15. Nf3 $36) 13. Nxe4 Bf5 $13 (13... dxc5 14. O-O-O $44 {[%csl Rg7]}) 14.
Ng5 dxc5 15. O-O-O $44 {Weiß hat sehr aktives Figurenspiel und der schwarze
König steht auf g7 unsicher.} c6 $5 16. dxc6 Qxd2+ {Der Damentausch ist für
Schwarz günstig, denn die weiße Initiative wird eingedämmt.} (16... Nxc6 17.
Bxc6 bxc6 18. fxe5 $14) (16... bxc6 17. Qc3 {[%cal Rc3h8,Rd1d8]} Qc7 18. Bc4
$14) 17. Rxd2 bxc6 (17... Nxc6 18. Bxc6 bxc6 19. fxe5 $14) 18. Bc4 exf4 $6 {
Schwarz gewinnt einen zweiten Bauern, aber Weiß hat Angriff.} (18... e4 $5 {
[%csl Ge4]} 19. h3 e3 20. Re2 Nd5 $15) 19. Ne2 {[%cal Ge2f4] [#]} Rhd8 (19...
f3 20. Nxf3) 20. Rxd8 Rxd8 21. Nxf4 {[%csl Ye6,Gf4,Gg5][%cal Rf4e6,Re6g7,Re6d8,
Rg5e6]} Rd6 (21... Kh8 22. Nfe6 Rd6 23. Re1 (23. Nxc5) 23... Bxe6 24. Nxe6 $14
{[%csl Rc5]}) 22. Re1 $1 (22. Nge6+ Kf6 {[%csl Gf6]} 23. Nxc5 $2 Rd4 {[%csl
Rc4,Rf4][%cal Rd4f4,Rd4c4]}) 22... Nd5 (22... Nhg8 23. Nfe6+ Bxe6 24. Nxe6+ $14
) (22... Kf6 $2 23. Nxh7+ $18) 23. Nfe6+ {[%cal Re6c5,Re6g7]} Bxe6 24. Nxe6+
Kf7 (24... Kh8 25. Nxc5 $14) 25. Ng5+ (25. Nxc5) 25... Kg7 (25... Kg8 26. Re7
$16 {[%csl Gc4,Ge7,Gg5,Rg8][%cal Re7h7,Re7a7]}) 26. Ne6+ Kf7 27. Nxc5 $14 {
Weiß hat die bessere Bauernstruktur und aktives Figurenspiel. Schwarz hat
keine Hoffnungen auf aktives Gegenspiel.} Nf5 (27... Ng4 28. h3 Ngf6 $14) 28.
g4 Nfe7 $6 {Dieser Springerzug gefällt mir nicht. Der schwarze e7-Springer hat
keine Zukunft.} (28... Nd4 $5) (28... Nfe3 $4 29. Rxe3 $18) 29. Ne4 {[%csl Ge4,
Rf7]} Rd7 {Nach 29...Re6? kommt 30.Ng5+.} 30. Ng5+ {[%cal Rg5h7,Rg5f7] [#]} Kg8
31. Rf1 $1 {[%csl Rg8][%cal Rg5e6] Die weiße Drohung ist 32.Ne6 nebst 33.Rf8
Matt.} h5 $6 (31... h6 32. Ne6 Rd6 33. Rf8+ Kh7 34. Nc5 $16 {[%csl Gc4,Gc5,Gf8]
}) 32. gxh5 gxh5 33. Rf7 $16 {[%csl Gc4,Gf7,Gg5,Rg8][%cal Gc4g8] Die
vielseitigen Fesselungen sind für Schwarz unangenehm. Schwarz kann nur noch
Turm oder König bewegen.} h4 34. b4 Kh8 35. a3 (35. Rh7+ Kg8 36. Rxh4 $16)
35... h3 (35... Ne3 $4 36. Rh7#) 36. Bb3 {Weiß demonstriert seine
Überlegenheit mit kleinen Wartezügen und nimmt noch nicht den h-Bauern.} (36.
Rh7+ Kg8 37. Rxh3 $16) 36... Kg8 37. Kb2 Kh8 38. a4 Rc7 39. Ka3 {Weiß hat
keine Eile. Er verbessert zunächst seine Königsstellung.} Rd7 40. Nxh3 {
Endlich nimmt Weiß den Bauern. Der entfernte Freibauer auf h2 ist für Schwarz
sehr gefährlich, aber er scheint jetzt etwas Luft zu bekommen.} Rd6 41. Ng5 Rh6
{[%cal Rh6h2]} (41... Rg6 42. Rh7+ Kg8 43. Rxe7 {[%cal Gb3g8]} Rxg5 44. Rxa7
$18) {[#]} 42. Rxe7 $1 {Mit dieser kleinen Kombination erreicht Weiß ein
chancenreiches Endspiel.} Nxe7 43. Nf7+ {[%cal Rf7h6,Rf7h8]} Kg7 44. Nxh6 Kxh6
45. Kb2 {[%csl Gh2][%cal Rb2c3,Rc3d4,Rd4c5] Und der weiße König dringt in den
schwarzen Damenflügel ein.} Kg5 46. Kc3 Ng6 (46... Kg4 47. Be6+ Kf3 (47... Kf4
48. Kd4 $18) 48. Kd4 $18) 47. Kd4 {[%csl Rc6,Gd4][%cal Rd4c5]} Kf6 48. Kc5 Ne5
49. Bc2 $1 {[%csl Gc2] Weiß verhindert den Springerzug 49...Nd3.} Ke7 50. h4
$18 {Der weiße h-Bauer entscheidet die Partie. Schwarz kann sich nicht
gleichzeitig um den h-Bauern und seinen schwachen c-Bauern kümmern.} Kd7 51. h5
Nf7 52. Be4 {[%csl Rc6][%cal Re4c6] Und Schwarz gab auf, weil er den c-Bauern
verliert.} (52. Be4 Ne5 53. h6 $18) 1-0

[Event "Hoogovens-B"]
[Site "Wijk aan Zee"]
[Date "1991.01.??"]
[Round "9"]
[White "Cifuentes Parada, Roberto"]
[Black "Bosboom, Manuel"]
[Result "1-0"]
[WhiteElo "2510"]
[BlackElo "2480"]
[Annotator "Ribli,Z"]
[PlyCount "61"]
[EventDate "1991.01.??"]
[EventType "tourn"]
[EventRounds "11"]
[EventCountry "NED"]
[EventCategory "9"]
[SourceTitle "CBM 022"]
[Source "ChessBase"]
[SourceDate "1991.06.01"]
[SourceVersion "1"]
[SourceVersionDate "1991.06.01"]
[SourceQuality "1"]

1. d4 g6 2. c4 Bg7 3. Nc3 d6 4. e4 Nd7 5. f4 $5 e5 6. fxe5 dxe5 7. d5 Ngf6 8.
Be2 (8. Be3 O-O 9. Be2 Qe7 10. Qd2 Nc5 11. Bf3 a5 12. b3 b6 13. Nge2 Ng4 $13 {
Iclicki,W-Dunnington,A London Haringay 1989 CBM/14}) 8... O-O 9. Nh3 $5 Ne8 10.
O-O a5 11. Bg5 Bf6 12. Be3 Be7 13. Na4 b6 14. Nf2 f5 $2 15. d6 $1 $18 Bb7 16.
dxe7 Qxe7 17. Bh6 Ng7 18. Qc2 Nc5 19. Nxc5 Qxc5 20. Bxg7 Kxg7 21. Kh1 f4 22.
Rad1 Rad8 23. Bf3 g5 24. Qc3 $6 (24. h3 $1 $18) 24... Rxd1 25. Rxd1 Qxf2 26.
Qxe5+ Kg6 27. h3 $1 Bc8 28. Qxc7 g4 29. hxg4 Qe3 30. e5 Re8 $2 31. Qc6+ {
(1.52/1.46)} 1-0

[Event "Bled op 13th"]
[Site "Bled"]
[Date "1992.??.??"]
[Round "2"]
[White "Farago, Ivan"]
[Black "Kolar, Srecko"]
[Result "1-0"]
[WhiteElo "2520"]
[BlackElo "2300"]
[Annotator "Ribli,Z"]
[PlyCount "129"]
[EventDate "1992.03.??"]
[EventType "swiss"]
[EventRounds "9"]
[EventCountry "SLO"]
[SourceTitle "CBM 029"]
[Source "ChessBase"]
[SourceDate "1992.08.01"]
[SourceVersion "1"]
[SourceVersionDate "1992.08.01"]
[SourceQuality "1"]

1. d4 Nc6 2. Nf3 d6 3. c4 e5 4. Nc3 exd4 5. Nxd4 g6 6. e4 Bg7 7. Be3 Nge7 8.
Be2 (8. h4 $5 f5 (8... O-O 9. h5 Nxd4 10. Bxd4 Bxd4 11. Qxd4 Nc6 12. Qe3 g5 13.
O-O-O b6 14. f3 Ne5 15. g3 f6 16. f4 Nf7 17. Bd3 $14 {Reeh,O-Soos,B Budapest
Kasparov 1991 EXP/24}) 9. h5 fxe4 10. hxg6 Nxg6 11. Qd2 Nxd4 12. Bxd4 Ne5 13.
Nxe4 Qe7 14. O-O-O Be6 15. f4 Nc6 16. Bxg7 Qxg7 17. Ng5 $16 {Boensch,
U-Azmayparashvili,Z Dortmund-A CBM/18}) (8. Nxc6 $5 bxc6 9. Bd4 f6 10. c5 d5
11. Be2 O-O 12. O-O Be6 $14 {Georgiev,Kir-Seirawan,Y Novi Sad ol 1990 50/68})
8... O-O 9. O-O f5 10. Qd2 Nxd4 (10... fxe4 11. Nxe4 Nf5 12. Nxf5 Bxf5 13. Nc3
$1 Qf6 14. Rfd1 a5 15. Rac1 a4 16. h3 Kh8 17. g4 Be6 18. Nd5 Qf7 19. Rf1 $14 {
Bukic-Matulovic Jugoslavija 1978 26/114}) (10... Bxd4 11. Bxd4 f4 12. c5 $1 Be6
13. cxd6 Nxd4 14. Qxd4 Nc6 15. Qd2 cxd6 16. Rfd1 $14 {Stohl-Kindermann Stary
Smokovec 1987 44/50}) 11. Bxd4 f4 12. Bxg7 Kxg7 13. Qd4+ Kh6 14. c5 $1 Nc6 15.
Qd5 dxc5 16. Qxc5 Be6 17. Bb5 Qd4 18. Na4 Qxc5 19. Nxc5 Nd4 20. Rfd1 Nxb5 21.
a4 Bg4 $1 (21... Nd6 22. Nxe6 $16) 22. f3 Nd6 23. fxg4 Rfe8 24. Rac1 a5 (24...
Nxe4 25. Nxe4 Rxe4 26. Rxc7 $14) 25. Rd5 $1 b6 26. g5+ Kg7 (26... Kh5 27. Nd7
$16) 27. Nb7 $1 Rac8 28. Nxd6 cxd6 29. Rxc8 Rxc8 30. Rxd6 Rc1+ 31. Kf2 Rc2+ 32.
Kf3 Rxb2 33. Rd7+ Kg8 34. Rb7 Rb4 35. Kxf4 Rxa4 36. Ke5 Ra2 37. Rxb6 Rxg2 38.
Rb8+ Kf7 39. Rb7+ Kg8 40. h4 Rg4 41. Kd5 Rxh4 42. e5 Kf8 43. Kd6 Rb4 44. Ra7
Rb6+ 45. Kd7 Kf7 46. Rxa5 Re6 47. Rc5 Re7+ 48. Kd6 Re6+ 49. Kd5 Re7 50. Rc6
Rd7+ 51. Rd6 Ra7 52. e6+ Ke7 53. Ke5 Ke8 54. Rd5 Ra1 55. Rb5 Re1+ 56. Kf6 Rf1+
57. Kg7 Rh1 58. Rb8+ Ke7 59. Rh8 Kxe6 60. Rxh7 Rb1 (60... Rxh7+ 61. Kxh7 Kf7 (
61... Kf5 62. Kh6 $18) 62. Kh6 Kf8 (62... Kg8 63. Kxg6 Kh8 64. Kf7 Kh7 65. g6+
$18) 63. Kxg6 Kg8 64. Kh6 Kh8 65. g6 Kg8 66. g7 Kf7 67. Kh7 $18) 61. Kxg6 Rg1
62. Rh2 Ke7 63. Rf2 Ke8 64. Kh6 Rh1+ 65. Kg7 1-0

[Event "Hoogovens op"]
[Site "Wijk aan Zee"]
[Date "1993.01.??"]
[Round "4"]
[White "Hansen, Curt"]
[Black "Azmaiparashvili, Zurab"]
[Result "1/2-1/2"]
[WhiteElo "2610"]
[BlackElo "2655"]
[Annotator "Ribli,Z"]
[PlyCount "38"]
[EventDate "1993.01.??"]
[EventType "swiss"]
[EventRounds "12"]
[EventCountry "NED"]
[SourceTitle "CBM 034"]
[Source "ChessBase"]
[SourceDate "1993.06.01"]
[SourceVersion "1"]
[SourceVersionDate "1993.06.01"]
[SourceQuality "1"]

1. d4 d6 2. Nf3 g6 3. c4 Bg7 4. Nc3 e5 5. e4 exd4 6. Nxd4 Ne7 7. Bg5 O-O 8. Qd2
(8. Be2 Nbc6 9. Nxc6 bxc6 10. Qd2 Be6 11. O-O Rb8 12. Rad1 c5 13. f4 $14 {
Portisch,L-Azmayparashvili,Z Amsterdam 1990 50/(68)}) 8... Nbc6 9. Nxc6 bxc6
10. Bd3 Be6 11. O-O Qd7 $5 (11... Rb8 12. f4 $14) 12. Rfe1 Rae8 13. Rad1 c5 14.
Bh6 Bxh6 15. Qxh6 f5 16. Bc2 Qc8 17. Ba4 Bd7 18. Bxd7 Qxd7 19. Qe3 Qc8 1/2-1/2

[Event "Frankfurt"]
[Site "Frankfurt"]
[Date "1990.??.??"]
[Round "?"]
[White "Bewersdorff, Oliver"]
[Black "Horvath, Tamas"]
[Result "1-0"]
[WhiteElo "2325"]
[BlackElo "2415"]
[Annotator "Ribli,Z"]
[PlyCount "31"]
[EventDate "1990.??.??"]
[EventType "tourn"]
[EventRounds "13"]
[EventCountry "GER"]
[EventCategory "7"]
[SourceTitle "CBM 020"]
[Source "ChessBase"]
[SourceDate "1991.02.01"]
[SourceVersion "1"]
[SourceVersionDate "1991.02.01"]
[SourceQuality "1"]

1. d4 g6 2. e4 Bg7 3. c4 d6 4. Nc3 Nd7 5. Nf3 e5 6. Be2 Nh6 $2 7. h4 $1 exd4 (
7... f6 8. h5 c6 9. d5 Nf7 10. Nh4 $14 {Legkij-Vujadinovic Vrnjacka Banja op
1989 47/77}) 8. Nxd4 Ne5 (8... Nc5 9. h5 $36) 9. f3 Nc6 10. Be3 f5 11. Qd2 $1
Nf7 12. exf5 gxf5 13. Nd5 Nfe5 14. Bg5 Qd7 15. Ne6 $1 h6 16. Bf6 1-0

[Event "Horgen SKA"]
[Site "Horgen"]
[Date "1994.??.??"]
[Round "6"]
[White "Brunner, Lucas"]
[Black "Hickl, Joerg"]
[Result "0-1"]
[WhiteElo "2525"]
[BlackElo "2535"]
[Annotator "Ribli,Z"]
[PlyCount "96"]
[EventDate "1994.09.??"]
[EventType "tourn"]
[EventRounds "11"]
[EventCountry "SUI"]
[EventCategory "10"]
[SourceTitle "CBM 043"]
[Source "ChessBase"]
[SourceDate "1994.12.01"]
[SourceVersion "1"]
[SourceVersionDate "1994.12.01"]
[SourceQuality "1"]

1. e4 g6 2. d4 d6 3. c4 e5 4. Nf3 exd4 5. Nxd4 Bg7 6. Nc3 Nc6 7. Be3 Nge7 8.
Be2 f5 (8... O-O $5) 9. Nxc6 Nxc6 (9... bxc6 10. Bd4 O-O 11. Bxg7 Kxg7 12. Qd4+
Kg8 13. c5 $14) 10. Qd2 fxe4 11. Nxe4 Qe7 12. Nc3 Be6 13. Nd5 Qf7 (13... Bxd5
14. cxd5 Ne5 15. O-O O-O 16. Rac1 $14) 14. Rc1 Ne5 15. b3 O-O 16. O-O Rae8 17.
Rfe1 (17. Bxa7 $2 b6 $19) (17. a4 $5) 17... a6 18. f4 (18. a4 $5) 18... Ng4 19.
Bxg4 Bxg4 20. Bd4 Bxd4+ 21. Qxd4 Be6 $1 22. g3 c5 23. Qd2 Bxd5 $1 24. Qxd5 (24.
cxd5 Rxe1+ 25. Rxe1 Re8 26. Rxe8+ Qxe8 27. Kf2 Qe4 $15) 24... Qxd5 25. cxd5
Rxe1+ 26. Rxe1 Rf5 27. Rd1 (27. Re8+ Kf7 28. Rb8 Rxd5 (28... b5 $5 29. Rb6 Rxd5
30. Rxa6 Rd2 $17) 29. Rxb7+ Ke6 30. Rxh7 Rd1+ 31. Kf2 Rd2+ 32. Ke3 Rxa2 33. Rg7
Kf6 34. Rd7 Ke6 35. Rg7 $10) 27... g5 $1 28. fxg5 Rxg5 29. Kf2 Kf7 30. Kf3 Kf6
31. g4 (31. Kf4 Rf5+ 32. Ke4 Rf2 $19) 31... Ke5 32. h4 Rg7 $1 33. g5 b5 34. Kg4
c4 35. bxc4 bxc4 36. Kh5 (36. h5 c3 37. h6 Rc7 38. g6 hxg6 39. Kg5 c2 40. Rc1
Kxd5 41. Kxg6 Kd4 42. h7 Rxh7 (42... Rc8 $5) 43. Kxh7 Kc3 44. Kg6 d5 45. Kf5 d4
46. Ke4 d3 $19) 36... c3 37. Kh6 Rc7 38. h5 c2 39. Rc1 Kxd5 40. g6 hxg6 41.
hxg6 Kd4 42. g7 Rc8 43. g8=Q Rxg8 44. Rxc2 d5 45. Rc6 a5 46. Ra6 Kc4 47. Rxa5
d4 48. Ra7 Rd8 0-1

[Event "Interzonal-16"]
[Site "Biel"]
[Date "1993.??.??"]
[Round "9"]
[White "Illescas Cordoba, Miguel"]
[Black "Piket, Jeroen"]
[Result "0-1"]
[WhiteElo "2625"]
[BlackElo "2590"]
[Annotator "Ribli,Z"]
[PlyCount "38"]
[EventDate "1993.07.16"]
[EventType "swiss"]
[EventRounds "13"]
[EventCountry "SUI"]
[SourceTitle "CBM 037"]
[Source "ChessBase"]
[SourceDate "1993.12.01"]
[SourceVersion "1"]
[SourceVersionDate "1993.12.01"]
[SourceQuality "1"]

1. Nf3 d6 2. d4 g6 3. c4 Bg7 4. e4 e5 5. Nc3 exd4 6. Nxd4 Nc6 7. Be3 Nge7 8. h4
(8. Be2 $5) 8... f5 9. exf5 $6 (9. h5 $5) 9... Nxf5 10. Nxf5 Bxf5 11. Be2 Qd7
12. Qd2 O-O-O $13 13. O-O Rde8 14. Rac1 (14. Nd5 Re4 15. g3 Nd4 $15) 14... Bg4
15. Nd5 Bxe2 16. Qxe2 Re4 17. c5 (17. g3 Nd4 $36) 17... dxc5 18. Rxc5 Bd4 $1
19. Qd3 $2 (19. Qc2 Rhe8 $17) 19... Rxe3 0-1